| 000 | 00530nam a22001817a 4500 | ||
|---|---|---|---|
| 005 | 20150612122815.0 | ||
| 010 | _aENG-113027 | ||
| 020 | _c90.00 | ||
| 035 | _aEN-96559 | ||
| 037 | _bDBAD/PUB | ||
| 082 | _a280 | ||
| 100 | _aAbel, M. | ||
| 245 |
_aGod and government : _cby M. Abel _bsermons on society and spirituality / |
||
| 260 |
_aChennai _bThe Christian Literature Society _c2013 |
||
| 270 |
_aPost Box No. 501, Park Town _bChennai _e600003 |
||
| 300 |
_a145p. _c21cm(pbk) |
||
| 942 |
_2ddc _cEN _mABE _h280 |
||
| 999 |
_c93556 _d93556 |
||